000
00210 a2200097 4500
001
32708
100
_a
GIG, Silone, D
245
_a
Beniamino Gigli
260
_a
London
_b
Cassell & Co
_c
090
_c
21908
_d
21908
942
_a
NUST-CAE
_c
M
_c
13234
999
_c
267781
_d
267781